000 00275nam a22001217a 4500
008 170512b xxu||||| |||| 00| 0 eng d
041 _aeng
080 _25 ED
_a94
100 _a16
101 _aSHH
245 _aA HISTORY OF CIVILIZATION
_cBRINTON.C
942 _2udc
_cBK
999 _c13310
_d13310